LEADER 01212nam a2200253 a 4500 001 000000037155 003 CaOOAMICUS 005 20140721131554.0 008 980402s1952 it adf u000 u ita r 035 $a10788831 040 $aPUL(R)$bita 041 1 $aita$ager 245 00$aContributi del laboratorio di psicologia :$bserie decimaquinta. 260 $aMilano :$bVita e pensiero,$c1952. 300 $aiii, 372 p., [9] c. di tav. :$bill., tav., diagr. ;$c26 cm 490 1 $aPubblicazioni della Universitā cattolica del Sacro Cuore.$aNuova serie ;$v40 650 4$aPsicologia sperimentale.$0(OLS)http://pul/subject/4635 710 2 $aUniversitā cattolica del Sacro Cuore. Sede di Milano.$0(OLS)http://pul/name/534 830 0$aPubblicazioni della Universitā cattolica del Sacro Cuore.$pNuova serie ;$v40.$0(OLS)http://pul/title/1726 850 $aPUL 852 $aPUL$W1$xDP2 Diritto Canonico 1$y64$m167 D 2.40$j50815$nBK-PRI$qStampati$B50815$CPULBib$Z2$F50815 $H15482 $82 941 1 $a8 996 $6245$aContributi del laboratorio di psicologia :$bserie decimaquinta$9(OLS)http://pul/title/50640 996 $6260$aMilano :$bVita e pensiero$9(OLS)http://pul/publisher/48016 LEADER 01136nam a2200277 u 4500 001 000000042941 003 CaOOAMICUS 005 20070226114400.0 008 990311s1973 au u000 u ger u 020 $a3702501193 035 $a10817144 040 $aPUL(R)$bita$dPUL(R) 100 1 $aSeifert, Josef,$d1945-$0(OLS)http://pul/name/1243 245 10$aLeib und Seele :$bein Beitrag zur Philosophischen Anthropologie /$cJosef Seifert. 260 $aSalzburg :$bUniversität Anton Pustet,$c1973. 300 $alxxvi, 380 p. ;$c21 cm 500 $aInclude indici. 500 $aBibliografia a pič pagina. 650 4$aAntropologia filosofica.$0(OLS)http://pul/subject/676 850 $aPUL 852 $aPUL$W1$xSL Filosofia 1$y2$m92 I 10$j57921$nBK-PRI$b $qStampati$B57921$CPULBib$Z2$F57921 $H $81 941 1 $a8 961 $aINV: 78343 996 $6020$a3702501193$9(OLS)http://pul/number/53547 996 $6245$aLeib und Seele :$bein Beitrag zur Philosophischen Anthropologie$9(OLS)http://pul/title/57914 996 $6260$aSalzburg :$bUniversität Anton Pustet$9(OLS)http://pul/publisher/65081